000 00582nam a22001817a 4500
999 _c61381
_d61381
005 20240304113137.0
008 240304s2005 tu ||||| |||| 00| 0 tur d
020 _a9757462187
041 _atur
080 _a821.512.164 T-19
100 _aTanpınar, Ahmet Hamdi
_921306
245 _aEdebiyat Üzerine Makaleler /
_cAhmet Hamdi Tanpınar.
264 _aIstanbul,
_c2005.
300 _a535 p.
_b24 cm.
653 _aსტატიები ლიტერატურაზე
653 _aთურქული ლიტერატურა
942 _2udc
_cᲬᲘᲒᲜᲘ